Normal view
MARC view
Entry Personal Name
001 - CONTROL NUMBER
- control field: 43915
003 - CONTROL NUMBER IDENTIFIER
- control field: ARRUPE
005 - DATE AND TIME OF LATEST TRANSACTION
- control field: 20190109121026.0
008 - FIXED-LENGTH DATA ELEMENTS
- fixed length control field: 190109|| aca||aabn | a|a d
040 ## - CATALOGING SOURCE
- Original cataloging agency: ARRUPE
- Transcribing agency: ARRUPE
100 ## - HEADING--PERSONAL NAME
- Personal name: Daniel, Glyn,
- Dates associated with a name: 1914-1986.
670 ## - SOURCE DATA FOUND
- Source citation: Work cat.: (ARRUPE)0: Daniel, Glyn, 1914-1986., The idea of prehistory., 1964